000 00538nam a22002297a 4500
001 64214
003 UA-OsUOA
005 20211020220316.0
007 ta
008 20091103b un ||||| |||| 00| 0 ukr d
040 _aUA-OsUOA
_brus
_cUA-OsUOA
_dUA-OsUOA
041 _arus
080 _a94(470+570)
090 _a94(470+570)
_bШ95
100 _aШутов С.
245 _aКрасные стрелы
260 _aМ.
_bВИМО
_c1963
300 _a269 с.
650 7 _a94 Історія
_2UDC
942 _cBK
_2udc
955 _a2
999 _c350253
_d350253